000
00225 a2200097 4500
001
42903
100
_a
Bhutto Zulfiqar Ali
245
_a
Azadi Masoom
260
_a
Lahore
_b
Technical book foundation
_c
090
_c
26789
_d
26789
942
_a
NUST-CAE
_c
M
_c
18656
999
_c
277976
_d
277976